RETHINKING WOMEN'S AND GENDER STUDIES (Record no. 9480)

MARC details
000 -LEADER
fixed length control field 00415nam a22001577a 4500
003 - CONTROL NUMBER IDENTIFIER
control field OSt
005 - DATE AND TIME OF LATEST TRANSACTION
control field 20260430173219.0
008 - FIXED-LENGTH DATA ELEMENTS--GENERAL INFORMATION
fixed length control field 260430b |||||||| |||| 00| 0 eng d
020 ## - INTERNATIONAL STANDARD BOOK NUMBER
International Standard Book Number 9780415808316
040 ## - CATALOGING SOURCE
Transcribing agency IRDP
082 ## - DEWEY DECIMAL CLASSIFICATION NUMBER
Classification number 305.407 RET
245 ## - TITLE STATEMENT
Title RETHINKING WOMEN'S AND GENDER STUDIES
260 ## - PUBLICATION, DISTRIBUTION, ETC. (IMPRINT)
Place of publication, distribution, etc. LONDON;
Name of publisher, distributor, etc. ROUTLEDGE,
Date of publication, distribution, etc. 2012.
700 ## - ADDED ENTRY--PERSONAL NAME
Personal name ORR, C.M., BRAITHWAITE, A., LICHTENSTEIN, D.
942 ## - ADDED ENTRY ELEMENTS (KOHA)
Source of classification or shelving scheme Dewey Decimal Classification
Koha item type BOOKS
Holdings
Withdrawn status Lost status Source of classification or shelving scheme Damaged status Not for loan Home library Current library Shelving location Date acquired Total Checkouts Full call number Barcode Date last seen Price effective from Koha item type
    Dewey Decimal Classification     Dodoma Dodoma Ground Floor 30/04/2026   305.407 RET LIB001990 30/04/2026 30/04/2026 BOOKS

IRDP © 2021 :: Managed by ICT Team